00541nam a2200181Ia 450000500170000000800410001704000190005804100120007708200190008910000240010824500640013226000260019630000150022265000470023765100500028470000150033485000100034920230418101716.0131103s9999 xx 000 0 und d aLoreto College aEnglish a823.7bAUS-KAY aKaye - Smith,Sheila aMore talk of Jane AustencSheila Kaye - Smith and G.B.Stern aLondonbCassellc1950 avi,223 p.  aAusten, Jane- Criticism and Interpretation aEnglish Fiction- Criticism and Interpretation aStern,G.B. aLCLIB